Choices (Record no. 17262)
[ view plain ]
| 000 -LEADER | |
|---|---|
| fixed length control field | 00628nam a22002417a 4500 |
| 003 - CONTROL NUMBER IDENTIFIER | |
| control field | OSt |
| 005 - DATE AND TIME OF LATEST TRANSACTION | |
| control field | 20140310182913.0 |
| 008 - FIXED-LENGTH DATA ELEMENTS--GENERAL INFORMATION | |
| fixed length control field | 130128t xxu||||| |||| 00| 0 eng d |
| 020 ## - INTERNATIONAL STANDARD BOOK NUMBER | |
| International Standard Book Number | 9789715844505 |
| 050 ## - LIBRARY OF CONGRESS CALL NUMBER | |
| Classification number | BX 2350 |
| Item number | .Q8 2006 |
| 082 ## - DEWEY DECIMAL CLASSIFICATION NUMBER | |
| Classification number | FIL 248.4 |
| Item number | .Q8 2006 |
| 245 ## - TITLE STATEMENT | |
| Title | Choices |
| Statement of responsibility, etc | Quitain, Bobby |
| Remainder of title | Making the One that Matters Most |
| 260 ## - PUBLICATION, DISTRIBUTION, ETC. (IMPRINT) | |
| Place of publication, distribution, etc | Quezon City |
| Name of publisher, distributor, etc | C & E Publishing |
| Date of publication, distribution, etc | c2006 |
| 300 ## - PHYSICAL DESCRIPTION | |
| Extent | xii, 228 p. |
| Other physical details | ill. |
| Dimensions | 22 cm. |
| 521 ## - TARGET AUDIENCE NOTE | |
| Target audience note | |
| 526 ## - STUDY PROGRAM INFORMATION NOTE | |
| Reading level | 1210L-1700L |
| 541 ## - IMMEDIATE SOURCE OF ACQUISITION NOTE | |
| -- | 1 |
| 541 ## - IMMEDIATE SOURCE OF ACQUISITION NOTE | |
| -- | 2 |
| 541 ## - IMMEDIATE SOURCE OF ACQUISITION NOTE | |
| -- | 3 |
| 541 ## - IMMEDIATE SOURCE OF ACQUISITION NOTE | |
| -- | 4 |
| 562 ## - COPY AND VERSION IDENTIFICATION NOTE | |
| Number of copies | 4 |
| 942 ## - ADDED ENTRY ELEMENTS (KOHA) | |
| Source of classification or shelving scheme | Library of Congress Classification |
| Koha item type | Books |
| Call number prefix | Filipininana |
| Withdrawn status | Lost status | Source of classification or shelving scheme | Damaged status | Home library | Current library | Shelving location | Date acquired | Source of acquisition | Total Checkouts | Full call number | Barcode | Date last seen | Copy number | Price effective from | Koha item type |
|---|---|---|---|---|---|---|---|---|---|---|---|---|---|---|---|
| Library of Congress Classification | Archives | Archives | 04/17/2013 | Donation | BX 2350 .Q6 2006 | C8280 | 05/08/2018 | 3 | 04/17/2013 | Books | |||||
| Library of Congress Classification | College Library | College Library | Filipiniana Section | 01/28/2013 | Donation | BX 2350 .Q6 2006 | c16140 | 05/08/2018 | 1 | 01/28/2013 | Books | ||||
| Library of Congress Classification | College Library | College Library | Filipiniana Section | 04/17/2013 | Donation | BX 2350 .Q6 2006 | c10547 | 05/08/2018 | 2 | 04/17/2013 | Books |